000 00469nam a22001457a 4500
008 230620b xxu||||| |||| 00| 0 eng d
020 _a0816015392
082 _a324.20
_bDEL
100 _cGeorge E. Delury
245 _aWorld Encyclopedia of Political System & Parties
_bSecond edition
_cVolume 1
_hmadagascar-Zimbabwe and smaller countries and microstates
260 _bfacts on file publications
_cNew york
300 _a1409p
440 _vVolume 1
942 _2ddc
_cBK
999 _c1912
_d1912